[Event "DVM U12 2023"]
[Site "Magdeburg GER"]
[Date "2023.12.28"]
[Round "3"]
[White "Schmitz, Constantin"]
[Black "Jahn, Gustav"]
[Result "0-1"]
[Termination "normal"]
[Board "2.3"]
[WhiteElo "1544"]
[BlackElo "1304"]
[WhiteClock "01:31:45"]
[BlackClock "01:00:47"]
[WhiteTeam "Düsseldorfer SV 1854"]
[BlackTeam "SV Dresden-Striesen 1990"]
[PlyCount "132"]
[WhiteFideId "16274660"]
[BlackFideId "34666605"]
[EventCountry "GER"]
[EventRounds "7"]
[EventType "team-swiss"]
[EventDate "2023.12.26"]

1. d4 {[%clk 01:30:45]} {[%emt 00:00:14]} d5 {[%clk 01:30:34]} {[%emt
00:00:25]} 2. c4 {[%clk 01:31:01]} {[%emt 00:00:14]} e6 {[%clk 01:30:54]}
{[%emt 00:00:10]} 3. Nc3 {[%clk 01:31:19]} {[%emt 00:00:12]} Nf6 {[%clk
01:30:31]} {[%emt 00:00:52]} 4. Nf3 {[%clk 01:31:40]} {[%emt 00:00:10]} Bd7
{[%clk 01:30:10]} {[%emt 00:00:51]} 5. Bg5 {[%clk 01:31:49]} {[%emt 00:00:20]}
c6 {[%clk 01:29:02]} {[%emt 00:01:38]} 6. e3 {[%clk 01:31:37]} {[%emt
00:00:43]} Be7 {[%clk 01:29:04]} {[%emt 00:00:28]} 7. Bd3 {[%clk 01:31:59]}
{[%emt 00:00:09]} O-O {[%clk 01:28:44]} {[%emt 00:00:50]} 8. O-O {[%clk
01:32:21]} {[%emt 00:00:08]} dxc4 {[%clk 01:27:47]} {[%emt 00:01:27]} 9. Bxc4
{[%clk 01:32:07]} {[%emt 00:00:45]} c5 {[%clk 01:27:12]} {[%emt 00:01:04]} 10.
dxc5 {[%clk 01:31:07]} {[%emt 00:01:31]} Bxc5 {[%clk 01:27:18]} {[%emt
00:00:23]} 11. Ne4 {[%clk 01:31:21]} {[%emt 00:00:16]} Be7 {[%clk 01:27:21]}
{[%emt 00:00:27]} 12. Nxf6+ {[%clk 01:30:28]} {[%emt 00:01:23]} Bxf6 {[%clk
01:27:30]} {[%emt 00:00:21]} 13. Bxf6 {[%clk 01:30:56]} {[%emt 00:00:02]} Qxf6
{[%clk 01:27:39]} {[%emt 00:00:21]} 14. Qd4 {[%clk 01:30:28]} {[%emt 00:00:58]}
Qxd4 {[%clk 01:27:20]} {[%emt 00:00:50]} 15. Nxd4 {[%clk 01:30:48]} {[%emt
00:00:10]} Nc6 {[%clk 01:27:42]} {[%emt 00:00:07]} 16. Rfd1 {[%clk 01:31:08]}
{[%emt 00:00:11]} Ne5 {[%clk 01:25:46]} {[%emt 00:02:26]} 17. Be2 {[%clk
01:31:17]} {[%emt 00:00:21]} Rfd8 {[%clk 01:24:52]} {[%emt 00:01:24]} 18. Rd2
{[%clk 01:31:21]} {[%emt 00:00:27]} Nc6 {[%clk 01:23:43]} {[%emt 00:01:38]} 19.
Rad1 {[%clk 01:31:24]} {[%emt 00:00:28]} Be8 {[%clk 01:18:34]} {[%emt
00:05:39]} 20. Nxc6 {[%emt 00:01:44]} Rxd2 {[%clk 01:18:47]} {[%emt 00:00:16]}
21. Ne7+ {[%clk 01:30:30]} {[%emt 00:00:10]} Kf8 {[%clk 01:18:59]} {[%emt
00:00:18]} 22. Rxd2 {[%clk 01:30:33]} {[%emt 00:00:28]} Kxe7 {[%clk 01:19:17]}
{[%emt 00:00:11]} 23. Bf3 {[%clk 01:30:55]} {[%emt 00:00:09]} Bc6 {[%clk
01:18:46]} {[%emt 00:01:00]} 24. Bxc6 {[%clk 01:31:05]} {[%emt 00:00:21]} bxc6
{[%clk 01:19:06]} {[%emt 00:00:10]} 25. Kf1 {[%clk 01:31:30]} {[%emt 00:00:05]}
Rb8 {[%clk 01:18:46]} {[%emt 00:00:50]} 26. Ke2 {[%clk 01:31:46]} {[%emt
00:00:14]} Rb5 {[%clk 01:19:03]} {[%emt 00:00:11]} 27. b3 {[%clk 01:30:42]}
{[%emt 00:01:35]} Rc5 {[%clk 01:18:27]} {[%emt 00:01:05]} 28. Rd4 {[%clk
01:30:24]} {[%emt 00:00:50]} Rc2+ {[%clk 01:18:33]} {[%emt 00:00:24]} 29. Rd2
{[%clk 01:30:47]} {[%emt 00:00:07]} Rxd2+ {[%clk 01:18:44]} {[%emt 00:00:19]}
30. Kxd2 {[%clk 01:30:59]} {[%emt 00:00:18]} Kd6 {[%clk 01:18:53]} {[%emt
00:00:21]} 31. Kd3 {[%clk 01:31:22]} {[%emt 00:00:08]} Kc5 {[%clk 01:18:35]}
{[%emt 00:00:48]} 32. a3 {[%clk 01:31:17]} {[%emt 00:00:35]} Kd5 {[%clk
01:18:47]} {[%emt 00:00:17]} 33. b4 {[%clk 01:31:20]} {[%emt 00:00:28]} f6
{[%clk 01:16:10]} {[%emt 00:03:07]} 34. e4+ {[%clk 01:30:26]} {[%emt 00:01:23]}
Ke5 {[%clk 01:15:39]} {[%emt 00:01:01]} 35. f3 {[%clk 01:30:30]} {[%emt
00:00:26]} g5 {[%clk 01:14:47]} {[%emt 00:01:21]} 36. g3 {[%clk 01:30:40]}
{[%emt 00:00:21]} h5 {[%clk 01:14:27]} {[%emt 00:00:50]} 37. Ke3 {[%clk
01:30:42]} {[%emt 00:00:27]} Kd6 {[%clk 01:08:16]} {[%emt 00:06:41]} 38. Kd4
{[%clk 01:30:25]} {[%emt 00:00:48]} e5+ {[%clk 01:06:01]} {[%emt 00:02:45]} 39.
Kc4 {[%clk 01:29:40]} {[%emt 00:01:15]} Kd7 {[%clk 01:05:26]} {[%emt 00:01:05]}
40. h3 {[%clk 01:29:13]} {[%emt 00:00:56]} Kc7 {[%clk 01:04:24]} {[%emt
00:01:32]} 41. Kc5 {[%clk 01:29:06]} {[%emt 00:00:38]} Kd7 {[%clk 01:04:39]}
{[%emt 00:00:15]} 42. b5 {[%clk 01:28:24]} {[%emt 00:01:13]} cxb5 {[%clk
01:03:22]} {[%emt 00:01:46]} 43. Kxb5 {[%clk 01:28:39]} {[%emt 00:00:15]} Kd6
{[%clk 01:02:28]} {[%emt 00:01:24]} 44. a4 {[%clk 01:28:55]} {[%emt 00:00:14]}
h4 {[%clk 01:01:47]} {[%emt 00:01:11]} 45. gxh4 {[%clk 01:28:32]} {[%emt
00:00:54]} gxh4 {[%clk 01:01:51]} {[%emt 00:00:25]} 46. Ka6 {[%clk 01:28:58]}
{[%emt 00:00:05]} Kc5 {[%clk 01:01:27]} {[%emt 00:00:53]} 47. Kxa7 {[%clk
01:29:22]} {[%emt 00:00:06]} Kb4 {[%clk 01:01:31]} {[%emt 00:00:26]} 48. Kb6
{[%clk 01:29:09]} {[%emt 00:00:42]} Kxa4 {[%clk 01:01:46]} {[%emt 00:00:15]}
49. Kc5 {[%clk 01:28:12]} {[%emt 00:01:27]} Kb3 {[%clk 01:01:11]} {[%emt
00:01:06]} 50. Kd5 {[%clk 01:28:41]} {[%emt 00:00:02]} Kc3 {[%clk 01:01:16]}
{[%emt 00:00:25]} 51. Ke6 {[%clk 01:29:08]} {[%emt 00:00:03]} Kd3 {[%clk
01:01:21]} {[%emt 00:00:25]} 52. Kf5 {[%clk 01:29:31]} {[%emt 00:00:06]} Ke3
{[%clk 01:00:55]} {[%emt 00:00:55]} 53. Kg4 {[%clk 01:29:52]} {[%emt 00:00:10]}
Kf2 {[%clk 01:00:26]} {[%emt 00:00:59]} 54. f4 {[%clk 01:30:02]} {[%emt
00:00:21]} Ke3 {[%clk 00:59:57]} {[%emt 00:00:59]} 55. fxe5 {[%clk 01:29:26]}
{[%emt 00:01:07]} fxe5 {[%clk 00:59:51]} {[%emt 00:00:36]} 56. Kf5 {[%clk
01:29:21]} {[%emt 00:00:35]} Kd4 {[%clk 01:00:09]} {[%emt 00:00:11]} 57. Kg4
{[%clk 01:28:57]} {[%emt 00:00:54]} Kxe4 {[%clk 01:00:30]} {[%emt 00:00:10]}
58. Kxh4 {[%clk 01:29:23]} {[%emt 00:00:03]} Kf4 {[%clk 01:00:41]} {[%emt
00:00:18]} 59. Kh5 {[%clk 01:29:42]} {[%emt 00:00:12]} e4 {[%clk 01:00:49]}
{[%emt 00:00:22]} 60. h4 {[%clk 01:29:46]} {[%emt 00:00:26]} e3 {[%clk
01:00:26]} {[%emt 00:00:53]} 61. Kg6 {[%clk 01:30:06]} {[%emt 00:00:11]} e2
{[%clk 01:00:40]} {[%emt 00:00:16]} 62. h5 {[%clk 01:30:34]} {[%emt 00:00:02]}
e1=Q {[%clk 01:01:00]} {[%emt 00:00:10]} 63. h6 {[%clk 01:30:58]} {[%emt
00:00:06]} Qg3+ {[%clk 01:00:51]} {[%emt 00:00:39]} 64. Kh7 {[%clk 01:31:16]}
{[%emt 00:00:12]} Kf5 {[%clk 01:00:46]} {[%emt 00:00:34]} 65. Kh8 {[%clk
01:31:22]} {[%emt 00:00:23]} Kf6 {[%clk 01:00:52]} {[%emt 00:00:24]} 66. Kh7
{[%clk 01:31:45]} {[%emt 00:00:07]} Kf7 {[%clk 01:00:47]} {[%emt 00:00:35]} 0-1

[Event "DVM U12 2023"]
[Site "Magdeburg GER"]
[Date "2023.12.28"]
[Round "3"]
[White "Xu, Wanghan"]
[Black "Dell, Philip"]
[Result "1-0"]
[Termination "normal"]
[Board "2.4"]
[WhiteElo "1275"]
[BlackElo "1319"]
[WhiteClock "01:19:42"]
[BlackClock "00:09:36"]
[WhiteTeam "SV Dresden-Striesen 1990"]
[BlackTeam "Düsseldorfer SV 1854"]
[PlyCount "47"]
[WhiteFideId "34608745"]
[BlackFideId "34619585"]
[EventCountry "GER"]
[EventRounds "7"]
[EventType "team-swiss"]
[EventDate "2023.12.26"]

1. Nf3 {[%clk 01:30:57]} {[%emt 00:00:02]} d5 {[%clk 01:30:39]} {[%emt
00:00:21]} 2. e3 {[%clk 01:31:20]} {[%emt 00:00:08]} Nf6 {[%clk 01:31:00]}
{[%emt 00:00:09]} 3. c4 {[%clk 01:31:40]} {[%emt 00:00:11]} e6 {[%clk
01:30:26]} {[%emt 00:01:03]} 4. Nc3 {[%clk 01:31:38]} {[%emt 00:00:32]} c5
{[%clk 01:26:49]} {[%emt 00:04:07]} 5. cxd5 {[%clk 01:31:09]} {[%emt 00:01:00]}
exd5 {[%clk 01:26:36]} {[%emt 00:00:43]} 6. d4 {[%clk 01:30:54]} {[%emt
00:00:45]} Nc6 {[%clk 01:26:03]} {[%emt 00:01:01]} 7. dxc5 {[%clk 01:31:07]}
{[%emt 00:00:18]} Bxc5 {[%clk 01:25:59]} {[%emt 00:00:35]} 8. Be2 {[%clk
01:30:40]} {[%emt 00:00:57]} O-O {[%clk 01:23:58]} {[%emt 00:02:30]} 9. O-O
{[%clk 01:30:35]} {[%emt 00:00:35]} Bg4 {[%clk 01:15:00]} {[%emt 00:09:28]} 10.
a3 {[%clk 01:28:34]} {[%emt 00:02:31]} Re8 {[%clk 01:04:12]} {[%emt 00:11:18]}
11. b4 {[%clk 01:28:24]} {[%emt 00:00:40]} Bd6 {[%clk 00:56:04]} {[%emt
00:08:38]} 12. h3 {[%clk 01:27:22]} {[%emt 00:01:32]} Bh5 {[%clk 00:56:09]}
{[%emt 00:00:25]} 13. Kh1 {[%clk 01:27:18]} {[%emt 00:00:34]} Bc7 {[%clk
00:51:06]} {[%emt 00:05:32]} 14. Bb2 {[%clk 01:25:02]} {[%emt 00:02:45]} Ne5
{[%clk 00:37:26]} {[%emt 00:14:10]} 15. Nxe5 {[%clk 01:23:25]} {[%emt
00:02:07]} Bxe2 {[%clk 00:37:38]} {[%emt 00:00:19]} 16. Nxf7 {[%clk 01:22:29]}
{[%emt 00:01:26]} Kxf7 {[%clk 00:24:04]} {[%emt 00:14:03]} 17. Nxe2 {[%clk
01:22:45]} {[%emt 00:00:14]} Qd6 {[%clk 00:23:53]} {[%emt 00:00:41]} 18. g3
{[%clk 01:22:01]} {[%emt 00:01:15]} Ne4 {[%clk 00:21:50]} {[%emt 00:02:33]} 19.
Kg2 {[%clk 01:22:00]} {[%emt 00:00:30]} g5 {[%clk 00:17:05]} {[%emt 00:05:16]}
20. Rc1 {[%clk 01:21:00]} {[%emt 00:01:30]} b5 {[%clk 00:13:09]} {[%emt
00:04:26]} 21. Qd4 {[%clk 01:19:02]} {[%emt 00:02:28]} Rg8 {[%clk 00:12:30]}
{[%emt 00:01:09]} 22. Rxc7+ {[%clk 01:19:06]} {[%emt 00:00:25]} Qxc7 {[%clk
00:11:57]} {[%emt 00:01:03]} 23. Qxd5+ {[%clk 01:19:20]} {[%emt 00:00:16]} Kf8
{[%clk 00:09:36]} {[%emt 00:02:52]} 24. Qxa8+ {[%clk 01:19:42]} {[%emt
00:00:08]} 1-0

[Event "DVM U12 2023"]
[Site "Magdeburg GER"]
[Date "2023.12.28"]
[Round "3"]
[White "Gersemann, Karl"]
[Black "Derr, Oleg"]
[Result "0-1"]
[Termination "normal"]
[Board "3.1"]
[WhiteElo "1520"]
[BlackElo "1801"]
[WhiteClock "00:37:45"]
[BlackClock "01:01:04"]
[WhiteTeam "TSG Oberschöneweide"]
[BlackTeam "VSG 1880 Offenbach"]
[PlyCount "62"]
[WhiteFideId "34602186"]
[BlackFideId "34611517"]
[EventCountry "GER"]
[EventRounds "7"]
[EventType "team-swiss"]
[EventDate "2023.12.26"]

1. e4 {[%clk 01:30:55]} {[%emt 00:00:04]} Nf6 {[%clk 01:30:56]} {[%emt
00:00:04]} 2. e5 {[%clk 01:31:17]} {[%emt 00:00:09]} Nd5 {[%clk 01:31:22]}
{[%emt 00:00:04]} 3. c4 {[%clk 01:31:42]} {[%emt 00:00:05]} Nb6 {[%clk
01:31:52]} {[%emt 00:00:01]} 4. d4 {[%clk 01:32:05]} {[%emt 00:00:07]} d6
{[%clk 01:32:21]} {[%emt 00:00:02]} 5. f4 {[%clk 01:32:19]} {[%emt 00:00:15]}
dxe5 {[%clk 01:32:34]} {[%emt 00:00:17]} 6. fxe5 {[%clk 01:32:40]} {[%emt
00:00:09]} Bf5 {[%clk 01:32:56]} {[%emt 00:00:08]} 7. Nc3 {[%clk 01:32:53]}
{[%emt 00:00:17]} e6 {[%clk 01:33:16]} {[%emt 00:00:10]} 8. Nf3 {[%clk
01:32:53]} {[%emt 00:00:30]} Bb4 {[%clk 01:33:12]} {[%emt 00:00:34]} 9. Be3
{[%clk 01:33:11]} {[%emt 00:00:11]} c5 {[%clk 01:32:50]} {[%emt 00:00:53]} 10.
Be2 {[%emt 00:03:51]} Nc6 {[%emt 00:00:57]} 11. Rc1 {[%clk 01:26:44]} {[%emt
00:02:09]} cxd4 {[%clk 01:31:55]} {[%emt 00:01:25]} 12. Bxd4 {[%clk 01:26:13]}
{[%emt 00:01:01]} Nxd4 {[%clk 01:31:05]} {[%emt 00:01:20]} 13. Nxd4 {[%clk
01:24:00]} {[%emt 00:02:42]} Qc7 {[%clk 01:29:10]} {[%emt 00:02:25]} 14. Nxf5
{[%clk 01:12:58]} {[%emt 00:11:33]} exf5 {[%clk 01:29:34]} {[%emt 00:00:07]}
15. Qb3 {[%clk 01:04:31]} {[%emt 00:08:57]} Bc5 {[%clk 01:20:52]} {[%emt
00:09:11]} 16. Qb5+ {[%clk 00:53:34]} {[%emt 00:11:28]} Nd7 {[%clk 01:21:01]}
{[%emt 00:00:20]} 17. Rd1 {[%clk 00:53:07]} {[%emt 00:00:58]} Rd8 {[%clk
01:21:19]} {[%emt 00:00:12]} 18. Rd5 {[%clk 00:52:38]} {[%emt 00:00:59]} a6
{[%clk 01:20:19]} {[%emt 00:01:31]} 19. Qa4 {[%clk 00:52:24]} {[%emt 00:00:44]}
O-O {[%clk 01:20:04]} {[%emt 00:00:44]} 20. b4 {[%clk 00:52:12]} {[%emt
00:00:42]} Be3 {[%clk 01:19:29]} {[%emt 00:01:05]} 21. Qc2 {[%clk 00:50:52]}
{[%emt 00:01:49]} Nxe5 {[%clk 01:14:41]} {[%emt 00:05:18]} 22. c5 {[%clk
00:48:45]} {[%emt 00:02:38]} Nc6 {[%clk 01:13:35]} {[%emt 00:01:36]} 23. a3
{[%clk 00:47:59]} {[%emt 00:01:16]} Ne7 {[%clk 01:10:46]} {[%emt 00:03:19]} 24.
Qb3 {[%clk 00:44:48]} {[%emt 00:03:41]} Nxd5 {[%clk 01:03:02]} {[%emt
00:08:14]} 25. Nxd5 {[%clk 00:45:03]} {[%emt 00:00:15]} Rxd5 {[%clk 01:03:27]}
{[%emt 00:00:05]} 26. Qxd5 {[%clk 00:45:22]} {[%emt 00:00:10]} f4 {[%clk
01:02:43]} {[%emt 00:01:14]} 27. Bf3 {[%clk 00:44:09]} {[%emt 00:01:43]} Rd8
{[%clk 01:02:35]} {[%emt 00:00:38]} 28. Qb3 {[%clk 00:38:13]} {[%emt 00:06:26]}
Qe5 {[%clk 01:02:04]} {[%emt 00:01:01]} 29. Be2 {[%clk 00:37:48]} {[%emt
00:00:55]} Qa1+ {[%clk 01:00:54]} {[%emt 00:01:40]} 30. Bd1 {[%clk 00:38:09]}
{[%emt 00:00:10]} Qd4 {[%clk 01:00:59]} {[%emt 00:00:23]} 31. Qc2 {[%clk
00:37:45]} {[%emt 00:00:55]} Bf2+ {[%clk 01:01:04]} {[%emt 00:00:25]} 0-1

[Event "DVM U12 2023"]
[Site "Magdeburg GER"]
[Date "2023.12.28"]
[Round "3"]
[White "Zargaran, Sepas"]
[Black "Nguyen, Bach Khoi"]
[Result "1-0"]
[Termination "normal"]
[Board "3.2"]
[WhiteElo "1636"]
[BlackElo "1262"]
[WhiteClock "01:18:54"]
[BlackClock "01:05:51"]
[WhiteTeam "VSG 1880 Offenbach"]
[BlackTeam "TSG Oberschöneweide"]
[PlyCount "103"]
[WhiteFideId "34625275"]
[BlackFideId "34600256"]
[EventCountry "GER"]
[EventRounds "7"]
[EventType "team-swiss"]
[EventDate "2023.12.26"]

1. e4 {[%clk 01:30:55]} {[%emt 00:00:03]} c5 {[%clk 01:30:52]} {[%emt
00:00:10]} 2. c3 {[%clk 01:31:14]} {[%emt 00:00:10]} d5 {[%clk 01:31:17]}
{[%emt 00:00:05]} 3. exd5 {[%clk 01:31:27]} {[%emt 00:00:17]} Qxd5 {[%clk
01:31:42]} {[%emt 00:00:06]} 4. d4 {[%clk 01:31:38]} {[%emt 00:00:18]} Nc6
{[%clk 01:32:05]} {[%emt 00:00:07]} 5. Nf3 {[%clk 01:31:43]} {[%emt 00:00:24]}
Bf5 {[%clk 01:32:15]} {[%emt 00:00:21]} 6. Be3 {[%clk 01:31:12]} {[%emt
00:01:01]} Bxb1 {[%clk 01:32:00]} {[%emt 00:00:45]} 7. Qxb1 {[%clk 01:30:49]}
{[%emt 00:00:52]} cxd4 {[%clk 01:31:59]} {[%emt 00:00:32]} 8. Nxd4 {[%clk
01:30:56]} {[%emt 00:00:23]} e5 {[%clk 01:27:52]} {[%emt 00:04:37]} 9. Nxc6
{[%clk 01:31:14]} {[%emt 00:00:13]} Qxc6 {[%clk 01:28:10]} {[%emt 00:00:12]}
10. Qf5 {[%clk 01:25:11]} {[%emt 00:06:32]} Bd6 {[%clk 01:25:48]} {[%emt
00:02:52]} 11. O-O-O {[%clk 01:21:31]} {[%emt 00:04:12]} Ne7 {[%clk 01:23:48]}
{[%emt 00:02:29]} 12. Qd3 {[%clk 01:21:04]} {[%emt 00:00:57]} Rd8 {[%clk
01:21:54]} {[%emt 00:02:25]} 13. Qb5 {[%clk 01:21:21]} {[%emt 00:00:13]} O-O
{[%clk 01:19:48]} {[%emt 00:02:36]} 14. Bxa7 {[%clk 01:18:08]} {[%emt
00:03:43]} Qxb5 {[%clk 01:16:43]} {[%emt 00:03:36]} 15. Bxb5 {[%clk 01:18:36]}
{[%emt 00:00:02]} Bc7 {[%clk 01:14:09]} {[%emt 00:03:03]} 16. Bc5 {[%clk
01:18:44]} {[%emt 00:00:22]} Rxd1+ {[%clk 01:11:23]} {[%emt 00:03:16]} 17. Rxd1
{[%clk 01:18:45]} {[%emt 00:00:29]} Ng6 {[%clk 01:05:11]} {[%emt 00:06:42]} 18.
Bxf8 {[%clk 01:18:54]} {[%emt 00:00:21]} Kxf8 {[%clk 01:05:35]} {[%emt
00:00:06]} 19. Rd7 {[%clk 01:19:14]} {[%emt 00:00:10]} Bb6 {[%clk 01:05:34]}
{[%emt 00:00:28]} 20. Rxb7 {[%clk 01:18:11]} {[%emt 00:01:36]} Bxf2 {[%clk
01:05:36]} {[%emt 00:00:28]} 21. a4 {[%clk 01:18:35]} {[%emt 00:00:06]} e4
{[%clk 01:04:56]} {[%emt 00:01:10]} 22. a5 {[%clk 01:18:35]} {[%emt 00:00:31]}
Nf4 {[%clk 01:04:12]} {[%emt 00:01:14]} 23. Rb8+ {[%clk 01:18:23]} {[%emt
00:00:42]} Ke7 {[%clk 01:04:34]} {[%emt 00:00:07]} 24. Re8+ {[%clk 01:18:45]}
{[%emt 00:00:08]} Kd6 {[%clk 01:04:48]} {[%emt 00:00:15]} 25. Rxe4 {[%clk
01:19:07]} {[%emt 00:00:09]} Nd5 {[%clk 01:05:02]} {[%emt 00:00:15]} 26. Bc4
{[%clk 01:16:52]} {[%emt 00:02:45]} Nf6 {[%clk 01:03:02]} {[%emt 00:02:30]} 27.
Re2 {[%clk 01:16:59]} {[%emt 00:00:23]} Ba7 {[%clk 01:02:28]} {[%emt 00:01:01]}
28. Bxf7 {[%clk 01:16:41]} {[%emt 00:00:52]} Ng4 {[%clk 01:02:33]} {[%emt
00:00:25]} 29. h3 {[%clk 01:16:25]} {[%emt 00:00:46]} Ne5 {[%clk 01:02:54]}
{[%emt 00:00:09]} 30. Rxe5 {[%clk 01:15:32]} {[%emt 00:01:24]} Kxe5 {[%clk
01:03:14]} {[%emt 00:00:09]} 31. b4 {[%clk 01:15:57]} {[%emt 00:00:05]} Kd6
{[%clk 01:02:59]} {[%emt 00:00:44]} 32. c4 {[%clk 01:16:00]} {[%emt 00:00:28]}
Kc7 {[%clk 01:02:48]} {[%emt 00:00:39]} 33. Kc2 {[%clk 01:15:54]} {[%emt
00:00:37]} Kd6 {[%clk 01:02:53]} {[%emt 00:00:25]} 34. Kd3 {[%clk 01:16:10]}
{[%emt 00:00:14]} Ke7 {[%clk 01:03:13]} {[%emt 00:00:09]} 35. b5 {[%clk
01:15:07]} {[%emt 00:01:34]} Kd7 {[%clk 01:01:25]} {[%emt 00:02:17]} 36. b6
{[%clk 01:15:13]} {[%emt 00:00:26]} Bb8 {[%clk 01:00:22]} {[%emt 00:01:31]} 37.
a6 {[%clk 01:15:36]} {[%emt 00:00:07]} Kc8 {[%clk 01:00:47]} {[%emt 00:00:05]}
38. a7 {[%clk 01:15:56]} {[%emt 00:00:11]} Bxa7 {[%clk 01:01:08]} {[%emt
00:00:08]} 39. bxa7 {[%clk 01:16:14]} {[%emt 00:00:12]} Kb7 {[%clk 01:01:34]}
{[%emt 00:00:03]} 40. Ke4 {[%clk 01:16:35]} {[%emt 00:00:10]} Kxa7 {[%clk
01:02:00]} {[%emt 00:00:04]} 41. Ke5 {[%clk 01:16:52]} {[%emt 00:00:13]} Kb6
{[%clk 01:02:26]} {[%emt 00:00:04]} 42. Bd5 {[%clk 01:17:05]} {[%emt 00:00:17]}
Kc5 {[%clk 01:02:51]} {[%emt 00:00:04]} 43. Ke6 {[%clk 01:17:20]} {[%emt
00:00:15]} h5 {[%clk 01:03:13]} {[%emt 00:00:08]} 44. g4 {[%clk 01:17:34]}
{[%emt 00:00:17]} g6 {[%clk 01:03:25]} {[%emt 00:00:17]} 45. gxh5 {[%clk
01:18:02]} {[%emt 00:00:02]} gxh5 {[%clk 01:03:53]} {[%emt 00:00:02]} 46. Kf5
{[%clk 01:17:49]} {[%emt 00:00:43]} Kd6 {[%clk 01:04:07]} {[%emt 00:00:15]} 47.
Kg5 {[%clk 01:18:19]} {[%emt 00:00:02]} Ke5 {[%clk 01:04:28]} {[%emt 00:00:08]}
48. Kxh5 {[%clk 01:18:02]} {[%emt 00:00:48]} Kf5 {[%clk 01:04:42]} {[%emt
00:00:15]} 49. c5 {[%clk 01:18:10]} {[%emt 00:00:22]} Kf6 {[%clk 01:05:07]}
{[%emt 00:00:05]} 50. c6 {[%clk 01:18:26]} {[%emt 00:00:14]} Kf5 {[%clk
01:05:31]} {[%emt 00:00:04]} 51. c7 {[%clk 01:18:47]} {[%emt 00:00:10]} Ke5
{[%clk 01:05:51]} {[%emt 00:00:10]} 52. c8=Q {[%clk 01:18:54]} {[%emt
00:00:23]} 1-0

[Event "DVM U12 2023"]
[Site "Magdeburg GER"]
[Date "2023.12.28"]
[Round "3"]
[White "Vu, Khoi Nguyen"]
[Black "Papadopoulos, Kyriakos"]
[Result "0-1"]
[Termination "normal"]
[Board "3.3"]
[WhiteElo "1599"]
[BlackElo "1465"]
[WhiteClock "01:15:05"]
[BlackClock "00:50:53"]
[WhiteTeam "TSG Oberschöneweide"]
[BlackTeam "VSG 1880 Offenbach"]
[PlyCount "69"]
[WhiteFideId "34605088"]
[BlackFideId "34630732"]
[EventCountry "GER"]
[EventRounds "7"]
[EventType "team-swiss"]
[EventDate "2023.12.26"]

1. e4 {[%clk 01:30:57]} {[%emt 00:00:03]} e5 {[%clk 01:30:56]} {[%emt
00:00:04]} 2. Nf3 {[%clk 01:31:23]} {[%emt 00:00:04]} Nc6 {[%clk 01:31:19]}
{[%emt 00:00:08]} 3. Bc4 {[%clk 01:31:49]} {[%emt 00:00:05]} Nf6 {[%clk
01:31:42]} {[%emt 00:00:06]} 4. d3 {[%clk 01:32:01]} {[%emt 00:00:17]} h6
{[%clk 01:32:00]} {[%emt 00:00:13]} 5. O-O {[%clk 01:32:24]} {[%emt 00:00:07]}
Bc5 {[%clk 01:32:25]} {[%emt 00:00:04]} 6. c3 {[%clk 01:32:31]} {[%emt
00:00:24]} d6 {[%clk 01:32:25]} {[%emt 00:00:30]} 7. Re1 {[%clk 01:32:05]}
{[%emt 00:00:56]} Bg4 {[%clk 01:32:26]} {[%emt 00:00:29]} 8. h3 {[%clk
01:32:07]} {[%emt 00:00:29]} Bh5 {[%clk 01:32:40]} {[%emt 00:00:15]} 9. Nbd2
{[%clk 01:31:51]} {[%emt 00:00:46]} O-O {[%clk 01:28:37]} {[%emt 00:04:32]} 10.
Nf1 {[%clk 01:32:11]} {[%emt 00:00:10]} Bg6 {[%clk 01:22:07]} {[%emt 00:07:00]}
11. Ng3 {[%clk 01:32:14]} {[%emt 00:00:26]} Nh5 {[%clk 01:16:35]} {[%emt
00:06:02]} 12. Nxe5 {[%clk 01:27:18]} {[%emt 00:05:27]} Nxe5 {[%clk 01:10:29]}
{[%emt 00:06:35]} 13. Nxh5 {[%emt 00:02:48]} Nxc4 {[%emt 00:00:09]} 14. dxc4
{[%clk 01:24:34]} {[%emt 00:00:16]} Qh4 {[%clk 01:10:29]} {[%emt 00:00:30]} 15.
Ng3 {[%clk 01:24:34]} {[%emt 00:00:31]} Qxg3 {[%clk 01:10:41]} {[%emt
00:00:18]} 16. Be3 {[%clk 01:23:53]} {[%emt 00:01:12]} Bxe3 {[%clk 01:10:40]}
{[%emt 00:00:30]} 17. Rxe3 {[%emt 00:00:05]} Qe5 {[%emt 00:02:17]} 18. Qe2
{[%clk 01:20:34]} {[%emt 00:01:27]} Qc5 {[%clk 01:10:13]} {[%emt 00:00:56]} 19.
Rd1 {[%clk 01:20:32]} {[%emt 00:00:32]} Rfe8 {[%clk 01:08:53]} {[%emt
00:01:51]} 20. Rd5 {[%clk 01:20:13]} {[%emt 00:00:48]} Qc6 {[%clk 01:08:38]}
{[%emt 00:00:46]} 21. Qg4 {[%clk 01:19:00]} {[%emt 00:01:42]} Qxc4 {[%clk
01:07:36]} {[%emt 00:01:31]} 22. b3 {[%clk 01:18:03]} {[%emt 00:01:28]} Qc6
{[%clk 01:07:31]} {[%emt 00:00:35]} 23. c4 {[%clk 01:16:17]} {[%emt 00:02:17]}
Rad8 {[%clk 01:05:50]} {[%emt 00:02:11]} 24. h4 {[%clk 01:16:36]} {[%emt
00:00:10]} Qd7 {[%clk 01:02:27]} {[%emt 00:03:54]} 25. Qf4 {[%clk 01:16:29]}
{[%emt 00:00:37]} Re5 {[%clk 01:02:14]} {[%emt 00:00:42]} 26. g4 {[%clk
01:15:46]} {[%emt 00:01:12]} Rde8 {[%clk 00:59:38]} {[%emt 00:03:07]} 27. f3
{[%clk 01:14:15]} {[%emt 00:02:01]} Rxd5 {[%clk 00:57:55]} {[%emt 00:02:13]}
28. cxd5 {[%clk 01:14:13]} {[%emt 00:00:32]} f6 {[%clk 00:52:53]} {[%emt
00:05:32]} 29. Re2 {[%clk 01:13:57]} {[%emt 00:00:46]} c6 {[%clk 00:52:49]}
{[%emt 00:00:34]} 30. dxc6 {[%clk 01:14:05]} {[%emt 00:00:22]} Qxc6 {[%clk
00:52:34]} {[%emt 00:00:45]} 31. Rd2 {[%clk 01:14:17]} {[%emt 00:00:18]} Rd8
{[%clk 00:51:42]} {[%emt 00:01:22]} 32. g5 {[%clk 01:14:36]} {[%emt 00:00:10]}
Qc5+ {[%clk 00:50:27]} {[%emt 00:01:46]} 33. Kh1 {[%clk 01:14:28]} {[%emt
00:00:38]} hxg5 {[%clk 00:50:49]} {[%emt 00:00:07]} 34. Rd5 {[%clk 01:14:42]}
{[%emt 00:00:16]} gxf4 {[%clk 00:50:53]} {[%emt 00:00:26]} 35. Rxc5 {[%clk
01:15:05]} {[%emt 00:00:07]} 0-1